000 00638nam a22002177a 4500
001 sjds170113
003 sjds
005 20230214111732.0
008 170630b flu||||| |||| 00| 0 spa d
020 _a9781887578592 (pbk.)
020 _a1887578595 (pbk.)
040 _csjds
041 _aspa
100 1 _aGarcĂ­a Lorca, Federico
245 1 0 _aCanciones y poemas para ninos /
_cFederico Garcia Lorca ; ilustraciones de Daniel Zarza.
260 _aCooper City, FL :
_bSpanPress,
_c1997.
300 _a90 pages :
_billustrations
_c21 cm
650 _aSpanish poetry
_vJuvenile literature
700 1 _aZarza, Daniel
942 _cBK
999 _c17960
_d17960